Proceedings of the Symposium on soil microbiology held in Budapest 16-20 June, 1970 / (Record no. 164745)
[ view plain ]
| 000 -LEADER | |
|---|---|
| fixed length control field | 00868cam a2200253 4500 |
| 008 - FIXED-LENGTH DATA ELEMENTS--GENERAL INFORMATION | |
| fixed length control field | |
| 049 ## - LOCAL HOLDINGS (OCLC) | |
| Holding library | MAIN |
| 090 ## - LOCALLY ASSIGNED LC-TYPE CALL NUMBER (OCLC); LOCAL CALL NUMBER (RLIN) | |
| Classification number (OCLC) (R) ; Classification number, CALL (RLIN) (NR) | QR111 |
| Local cutter number (OCLC) ; Book number/undivided call number, CALL (RLIN) | PRO |
| 003 - CONTROL NUMBER IDENTIFIER | |
| control field | |
| 005 - DATE AND TIME OF LATEST TRANSACTION | |
| control field | 20230123134353.0 |
| 040 ## - CATALOGING SOURCE | |
| Transcribing agency | NUST |
| 111 2# - MAIN ENTRY--MEETING NAME | |
| Meeting name or jurisdiction name as entry element | Symposium on Soil Microbiology |
| Date of meeting or treaty signing | (1970 : |
| Location of meeting | Budapest) |
| 245 00 - TITLE STATEMENT | |
| Title | Proceedings of the Symposium on soil microbiology held in Budapest 16-20 June, 1970 / |
| Statement of responsibility, etc. | Edited by J. Szegi. |
| 260 ## - PUBLICATION, DISTRIBUTION, ETC. | |
| Place of publication, distribution, etc. | Budapest : |
| Name of publisher, distributor, etc. | Akademiai Kiad�o, |
| Date of publication, distribution, etc. | 1972. |
| 300 ## - PHYSICAL DESCRIPTION | |
| Extent | 454 p. : |
| Other physical details | ill. ; |
| Dimensions | 25 cm. |
| 440 ## - SERIES STATEMENT/ADDED ENTRY--TITLE | |
| Title | Symposia biologica Hungarica, |
| Volume/sequential designation | vol. 11. |
| 504 ## - BIBLIOGRAPHY, ETC. NOTE | |
| Bibliography, etc. note | Includes bibliographical references. |
| 500 ## - GENERAL NOTE | |
| General note | Includes index. |
| 650 #0 - SUBJECT ADDED ENTRY--TOPICAL TERM | |
| Topical term or geographic name entry element | Soil microbiology |
| General subdivision | Congresses. |
| 650 #0 - SUBJECT ADDED ENTRY--TOPICAL TERM | |
| Topical term or geographic name entry element | Herbicides |
| General subdivision | Environmental aspects |
| -- | Congresses. |
| 700 1# - ADDED ENTRY--PERSONAL NAME | |
| Personal name | Szegi, J. |
| 907 ## - LOCAL DATA ELEMENT G, LDG (RLIN) | |
| a | .b10230798 |
| b | 28-05-13 |
| c | 13-02-07 |
| 942 ## - ADDED ENTRY ELEMENTS (KOHA) | |
| Koha item type | Ordinary Loan Books |
| Call number prefix | QR111 |
| Call number suffix | PRO |
| Date last seen | Total Checkouts | Full call number | Barcode | Cost, replacement price | Price effective from | Koha item type | Lost status | Source of classification or shelving scheme | Damaged status | Not for loan | Collection | Withdrawn status | Home library | Current library | Shelving location | Date acquired | Cost, normal purchase price |
|---|---|---|---|---|---|---|---|---|---|---|---|---|---|---|---|---|---|
| 01/23/2023 | 1 | QR111 SYM | 92003016087 | 80.00 | 01/23/2023 | BOOKS | lcc | NFIC | MAIN | MAIN | GEN | 01/23/2023 | 80.00 |